LDR 00854naa#a2200181#i#450# 001 RU\\bibl\126145 005 20260630210344.2 011 ## _a0320-3557 100 ## _a20260320b2026####ek#y0rusy0150####ca 102 ## _aRU 200 1# _aМАТЕРИАЛЫ К ФАУНЕ ВОДНЫХ И ОКОЛОВОДНЫХ ЖЕСТКОКРЫЛЫХ (COLEOPTERA) ОКРЕСТНОСТЕЙ ОЗЕРА БАСКУНЧАК (АСТРАХАНСКАЯ ОБЛАСТЬ, РОССИЯ) _eЖурнальная статья 210 1# _aБорок _cИнститут биологии внутренних вод им. И.Д. Папанина РАН _d2026 215 ## _a7 с. 608 ## _aЖурнальная статья _2local 675 ## _aColeoptera. Жесткокрылые, или жуки. 595.76 _z 700 #1 _aСажнев _gА. С. 700 #1 _aПрокин _gА. А. 856 4# _aibiw.editorum.ru _u